Psychiatrische Therapie als Expertenhandeln

Gespeichert in:  
Bibliographische Detailangaben
VerfasserInnen: Fengler-Karger, Christa (Verfasst von) ; Fengler, Thomas (Verfasst von)
Medienart: Druck Aufsatz
Sprache:Deutsch
Veröffentlicht: 1977
In: Kriminologisches Journal
Jahr: 1977, Band: 9, Heft: 2, Seiten: 144-150
Verfügbarkeit prüfen: HBZ Gateway
Schlagwörter:

MARC

LEADER 00000caa a2200000 c 4500
001 1636735843
003 DE-627
005 20220608113248.0
007 tu
008 140305s1977 xx ||||| 00| ||ger c
035 |a (DE-627)1636735843 
035 |a (DE-576)401932974 
035 |a (DE-599)BSZ401932974 
040 |a DE-627  |b ger  |c DE-627  |e rakwb 
041 |a ger 
100 1 |a Fengler-Karger, Christa  |4 aut 
245 1 0 |a Psychiatrische Therapie als Expertenhandeln  |c Christa Fengler-Karger; Thomas Fengler 
264 1 |c 1977 
336 |a Text  |b txt  |2 rdacontent 
337 |a ohne Hilfsmittel zu benutzen  |b n  |2 rdamedia 
338 |a Band  |b nc  |2 rdacarrier 
700 1 |a Fengler, Thomas  |4 aut 
773 0 8 |i In  |t Kriminologisches Journal  |d Weinheim : Beltz Juventa, 1969  |g 9(1977), 2, Seite 144-150  |w (DE-627)130092207  |w (DE-600)500591-7  |w (DE-576)018208223  |x 0341-1966  |7 nnas 
773 1 8 |g volume:9  |g year:1977  |g number:2  |g pages:144-150 
951 |a AR 
ELC |b 1 
LOK |0 000 xxxxxcx a22 zn 4500 
LOK |0 001 3294392583 
LOK |0 003 DE-627 
LOK |0 004 1636735843 
LOK |0 005 20250819153234 
LOK |0 008 140305||||||||||||||||ger||||||| 
LOK |0 040   |a DE-21-110  |c DE-627  |d DE-21-110 
LOK |0 689   |a s  |a Psychiatrische Therapie 
LOK |0 852   |a DE-21-110 
LOK |0 852 1  |m p  |9 00 
LOK |0 935   |a k110 
LOK |0 938   |k p 
LOK |0 939   |a 05-03-14  |b l01 
ORI |a SA-MARC-krimdoka001.raw